00522nam a22001457a 450000500170000000800410001702000280005804100130008608200130009910000410011224500680015326000570022130000730027865000250035120240119090824.0240119b |||||||| |||| 00| 0 eng d a0409003301 ; 0409003611 aEnglish  a349 JOU  aJoubert, WA and Scott, TJ lEnglish  aThe Law of South Africa : Marriage / cWA Joubert and TJ Scott  aDurban : bButterworth Publishers (Pty) Ltd, c1992  bvii, 297 pages ; c26 cm.  aLegal practice bLaw